| 000 | 00362nam a2200157Ia 4500 | ||
|---|---|---|---|
| 100 | _aLeong/Goh Cheng | ||
| 650 | _aGeography | ||
| 942 | _cBK | ||
| 366 | _f10 | ||
| 654 | _aPhysical | ||
| 245 | _aCertificate Physical and Human Geography | ||
| 260 |
_bOxford university press _c1974 |
||
| 082 |
_a808.8 _bLEO |
||
| 300 | _a192 | ||
| 546 |
_aENGLISH _cComputers |
||
| 999 |
_c22618 _d22618 |
||